1114 1846 1832 1406 1772 1220 1109 1367 1603 1653 1532 1367 1721 1969 1374 1758 1026 1175 1939 1141 1438 1627 1681 1213 1977 1130 1183 1940 1161 1166 1165 1023 1527 1049 1779 1174 1552 1765 1795 1516 1845 1280 1145 1933 1127 1842 1022 1484 1063 1013 1724 1059 1990 1508 1802 1556 1672 1675 1054 1122 1706 1474 1829 1277 1490 1734 1479 1489 1617 1252 1022 1065 1643 1511 1346 1880 1598 1781 1311 1319 1349 1015 1847 1296 1502 1882 1356 1219 1686 1697 1364 1085 1930 1390 1925 1041 1763 1101 1561 BCNSPRNW ULIB Ver.6.0+V

เปลี่ยนเป็นภาษาไทย

Change to English
 แสดงรายละเอียดบรรณานุกรม
  กลับหน้าหลัก

Brief Record : Get Marc (ISO 2709) : E-mail record : QR code < ปิดหน้าต่าง
LEADER : 00000nam 2200000uu 4500
001    13399110773
003     ULIB
008    110608s2551||||th 000 0 tha d
020    9789740430520
060 00 WS113^bท214H 2551
100 0  ทวีพล เขียนนุกูล
245 10 Happy genius เลี้ยงลูกอย่างไรให้ฉลาด /^cทวีพล เขียนนุกูล
260    กรุงเทพฯ :^bคลื่นอักษร,^c2551
300    208 หน้า
650  2 Child care
650  2 Child development
650  7 เด็ก^xการดูแล
650  7 เด็ก^xการเลี้ยงดู
650  7 พัฒนาการของเด็ก
650  7 ภูมิปัญญาชาวบ้าน
945    ^p155^l0^i025014
995    ทศพร
999 ^a ใช้งานได้ทุกระบบ
รายการนี้ยังไม่มีแท็ก
คุณยังไม่ได้ล็อกอิน คุณสามารถมีกิจกรรมร่วมกับเว็บไซต์ได้ แต่ต้องล็อกอินก่อน ::
  ล็อกอิน

รายการสื่อสารสนเทศ

ลำดับที่ ประเภท เลขเรียก/บาร์โค้ด สถานที่ สถานะ
- ไม่พบข้อมูล -

รายการใกล้เคียง
    หัวเรื่อง [Child care]
    หัวเรื่อง [Child development]
    หัวเรื่อง [เด็ก การดูแล]
    หัวเรื่อง [พัฒนาการของเด็ก]
    หัวเรื่อง [ภูมิปัญญาชาวบ้าน]

BibComment


ยังไม่เคยถูกคอมเมนท์

คอมเมนท์ทรัพยากรรายการนี้
  คอมเมนท์: Happy genius เลี้..


 Copyright 2026. Bcnsprnw @Library